MARC

LEADER 00000nam0a2200000 4500
001 221284
005 20231101230406.0
010 |a 5648000243 
020 |a RU  |b 88-58840 
035 |a (RuTPU)RU\TPU\book\241433 
090 |a 221284 
100 |a 20120908d1988 k a0rusy5003 ca 
101 0 |a rus 
102 |a UZ 
105 |a y z 001zy 
200 1 |a О влиянии запаздывания на нелинейные системы  |f Х. Р. Латипов, Ф. У. Носиров  |g Ташкентский политехнический институт ; отв. ред. Ю. А. Митропольский 
210 |a Ташкент  |c Фан  |d 1988 
215 |a 116 с.  |d 20 см 
320 |a Библиогр.: с. 112-115 (75 назв.). 
606 1 |a Дифференциальные уравнения с запаздывающим аргументом  |2 stltpush  |3 (RuTPU)RU\TPU\subj\9720  |9 36899 
610 1 |a асимптотические методы 
610 1 |a нелинейные системы 
610 1 |a запаздывание 
610 1 |a запаздывающие аргументы 
610 1 |a одночастотные колебания 
675 |a 517.925  |v 3 
700 1 |a Латипов  |b Х. Р.  |g Халим Рафикович  |4 070 
701 1 |a Носиров  |b Ф. У.  |g Фаррух Уринович  |4 070 
702 1 |a Митропольский  |b Ю. А.  |4 340 
712 0 2 |a Ташкентский политехнический институт  |2 stltpush  |3 (RuTPU)RU\TPU\col\6741 
801 0 |a RU  |b RuMRKP  |c 19950417  |g psbo 
801 1 |a RU  |b 63413507  |c 20120908 
801 2 |a RU  |b 63413507  |c 20120917  |g RCR 
942 |c BK